UCSC Library OPAC

Health, Sport, Rehabilitation (Record no. 69233)

MARC details
000 -LEADER
fixed length control field 00780nam a2200241Ia 4500
003 - CONTROL NUMBER IDENTIFIER
control field LK-CoUSC
005 - DATE AND TIME OF LATEST TRANSACTION
control field 20240729120203.0
008 - FIXED-LENGTH DATA ELEMENTS--GENERAL INFORMATION
fixed length control field 240729s9999 xx 000 0 und d
022 ## - INTERNATIONAL STANDARD SERIAL NUMBER
International Standard Serial Number 2520-2685
040 ## - CATALOGING SOURCE
Transcribing agency a
245 #0 - TITLE STATEMENT
Title Health, Sport, Rehabilitation
260 ## - PUBLICATION, DISTRIBUTION, ETC.
Place of publication, distribution, etc. Ukraine
260 ## - PUBLICATION, DISTRIBUTION, ETC.
Name of publisher, distributor, etc. H.S. Skovoroda Kharkiv National Pedagogical University
650 ## - SUBJECT ADDED ENTRY--TOPICAL TERM
Topical term or geographic name entry element Recreation leadership. Administration of recreation services
650 ## - SUBJECT ADDED ENTRY--TOPICAL TERM
Topical term or geographic name entry element Recreation. Leisure
650 ## - SUBJECT ADDED ENTRY--TOPICAL TERM
Topical term or geographic name entry element Recreation. Leisure
650 ## - SUBJECT ADDED ENTRY--TOPICAL TERM
Topical term or geographic name entry element Sports | Geography. Anthropology. Recreation
650 ## - SUBJECT ADDED ENTRY--TOPICAL TERM
Topical term or geographic name entry element Geography. Anthropology. Recreation
856 ## - ELECTRONIC LOCATION AND ACCESS
Uniform Resource Identifier <a href="https://doaj.org/toc/c1624285eb19418390e7c74a7e4a4978">https://doaj.org/toc/c1624285eb19418390e7c74a7e4a4978</a>
942 ## - ADDED ENTRY ELEMENTS (KOHA)
Source of classification or shelving scheme Dewey Decimal Classification
942 ## - ADDED ENTRY ELEMENTS (KOHA)
Koha item type DOAJ E-Journal
Source of classification or shelving scheme Dewey Decimal Classification
945 ## - LOCAL PROCESSING INFORMATION (OCLC)
a 1
b Madushi Gamage
c 1
d Madushi Gamage
Holdings
Withdrawn status Lost status Damaged status Not for loan Collection Home library Current library Shelving location Date acquired Total checkouts Date last seen Price effective from Koha item type
        DOAJ E-Journal UCSC Library UCSC Digital Library DOAJ E- Journal 29/07/2024   29/07/2024 29/07/2024 DOAJ E-Journal